000 00646cam a22002411i 4500
999 _c8023
_d8023
001 8023
003 BD-JhCC
005 20181204093839.0
008 911112s1954 enk 00010 eng d
035 _a(BD-JhCC)8023
035 _a2378173
040 _aANL
_dANL
_dBD-JhCC
041 _aeng
082 _bRID 1954
100 1 _aRidout, Ronald,
_d1916-
245 1 0 _aRead to enjoy /
_cRonald Ridout, illus. by Vera Jarman.
260 _aLondon :
_bHeinemann,
_c[1954].
300 _billus.
_a148 p. :
_c15 cm.
490 0 _aWide horizon reading scheme stage ;
_v2
650 0 _aReaders and speakers.
942 _2ddc
_cBK